<?xml version="1.0" encoding="UTF-8"?>
<record
    xmlns:xsi="http://www.w3.org/2001/XMLSchema-instance"
    xsi:schemaLocation="http://www.loc.gov/MARC21/slim http://www.loc.gov/standards/marcxml/schema/MARC21slim.xsd"
    xmlns="http://www.loc.gov/MARC21/slim">

  <leader>00552nam a22001337a 4500</leader>
  <controlfield tag="003">OSt</controlfield>
  <controlfield tag="005">20160325085346.0</controlfield>
  <controlfield tag="008">160325b        xxu||||| |||| 00| 0 eng d</controlfield>
  <datafield tag="040" ind1=" " ind2=" ">
    <subfield code="c">RUA</subfield>
  </datafield>
  <datafield tag="082" ind1=" " ind2=" ">
    <subfield code="a">ATM KAN 2011 B472 Or.1</subfield>
  </datafield>
  <datafield tag="245" ind1=" " ind2=" ">
    <subfield code="a">Efficiency of winnower machine assembled in department of agriculture engineering, &#x1794;&#x17D2;&#x179A;&#x179F;&#x17B7;&#x1791;&#x17D2;&#x1792;&#x1797;&#x17B6;&#x1796;&#x1798;&#x17C9;&#x17B6;&#x179F;&#x17CA;&#x17B8;&#x1793;&#x1794;&#x1780;&#x17CB;&#x179F;&#x17D2;&#x179A;&#x17BC;&#x179C; &#x178F;&#x1798;&#x17D2;&#x179B;&#x17BE;&#x1784;&#x178A;&#x17C4;&#x1799;&#x1793;&#x17B6;&#x1799;&#x1780;&#x178A;&#x17D2;&#x178B;&#x17B6;&#x1793;&#x1782;&#x17D2;&#x179A;&#x17BF;&#x1784;&#x1799;&#x1793;&#x17D2;&#x178F;&#x1780;&#x179F;&#x17B7;&#x1780;&#x1798;&#x17D2;&#x1798;</subfield>
  </datafield>
  <datafield tag="300" ind1=" " ind2=" ">
    <subfield code="a">x,49p.</subfield>
    <subfield code="b">ill.</subfield>
    <subfield code="c">29cm.</subfield>
  </datafield>
  <datafield tag="942" ind1=" " ind2=" ">
    <subfield code="2">ddc</subfield>
    <subfield code="c">ATM</subfield>
  </datafield>
  <datafield tag="999" ind1=" " ind2=" ">
    <subfield code="c">7822</subfield>
    <subfield code="d">7822</subfield>
  </datafield>
  <datafield tag="952" ind1=" " ind2=" ">
    <subfield code="0">0</subfield>
    <subfield code="1">0</subfield>
    <subfield code="2">ddc</subfield>
    <subfield code="4">0</subfield>
    <subfield code="6">ATM_KAN_2011_000000000000000_B472_OR_1</subfield>
    <subfield code="7">0</subfield>
    <subfield code="9">45453</subfield>
    <subfield code="a">LBB</subfield>
    <subfield code="b">LBB</subfield>
    <subfield code="c">B472</subfield>
    <subfield code="d">2016-03-25</subfield>
    <subfield code="l">4</subfield>
    <subfield code="o">ATM KAN 2011 B472 Or.1</subfield>
    <subfield code="p">RUA058147</subfield>
    <subfield code="r">2018-02-09</subfield>
    <subfield code="s">2018-01-19</subfield>
    <subfield code="w">2016-03-25</subfield>
    <subfield code="y">ATM</subfield>
  </datafield>
</record>
